1980's Hit Singles - Statistics

General Stats
  • This quiz has been taken 60 times
  • The average score is 7 of 15
Answer Stats
Hint Answer % Correct
Huey Lewis & The News ... The Power ____ Of Love
96%
Madonna ... Papa _____ Don't Preach
87%
Bette Midler ... Wind Beneath ______ My Wings
83%
Rick Astley ... Together ____ Forever
81%
Eurythmics ... Here Comes The ____ Rain Again
74%
Laura Branigan ... Self ____ Control
55%
Madness ... Tomorrow's Just ........ Another Day
45%
Duran Duran ... New Moon ____ On Monday
43%
Rolling Stones ... Emotional ____ Rescue
43%
Aneka ... Japanese ____ Boy
30%
Donna Summer ... Dinner With _____ Gershwin
28%
Culture Club ... It's A ______ Miracle
21%
Buggles ... The Plastic ____ Age
11%
Jelly Bean feat. Adele Bertei ... Just A _____ Mirage
4%
Kate Bush ... Sat In _____ Your Lap
4%
No matching quizzes found
Score Distribution
Percent of People with Each Score
Percentile by Number Answered
Your Score History
You have not taken this quiz